[Event "13th 4NCL Congress"]
[Site "Wakefield"]
[Date "2017.04.09"]
[Round "5"]
[Board "9"]
[White "Cuaresma, Bien"]
[Black "Han, Yichen"]
[Result "0-1"]
[WhiteElo "1519"]
[BlackElo "1773"]
[PlyCount "138"]
[EventDate "2017.04.07"]
[EventRounds "5"]
[EventCountry "ENG"]

1. d4 Nf6 2. Nf3 g6 3. c4 Bg7 4. Nc3 O-O 5. e4 d6 6. Be3 e5 7. Be2 Nc6 8. d5
Ne7 9. Qd2 Ne8 10. h3 f5 11. Bh6 fxe4 12. Bxg7 Nxg7 13. Nxe4 Nh5 14. g3 Bd7 15.
c5 Nf6 16. Nxf6+ Rxf6 17. Ng5 dxc5 18. Ne4 Rb6 19. Nxc5 Nf5 20. O-O-O Qe7 21.
Ne4 Nd4 22. Bc4 Kh8 23. f4 Rb4 24. Qc3 Nb5 25. Qd3 Bf5 26. Rhe1 Nd6 27. b3 Nxe4
28. Rxe4 Bxe4 29. Qxe4 a5 30. a4 Rb6 31. Kb1 Re8 32. Re1 Rf6 33. fxe5 Rf2 34.
Qd4 Ref8 35. d6 cxd6 36. exd6+ Qf6 37. Qxf6+ R2xf6 38. d7 Rd6 39. Re8 Kg7 40.
Re7+ Kh8 41. Kb2 Rf2+ 42. Kc3 Rf3+ 43. Kc2 Rf2+ 44. Kc1 Rfd2 45. Bb5 h5 46. Kb1
Kg8 47. Bc4+ Kh8 48. d8=Q+ Rxd8 49. Rxb7 Rh2 50. Kc1 Rxh3 51. Rb5 Rxg3 52. Rxa5
h4 53. Rd5 Rxd5 54. Bxd5 Rg5 55. Ba8 Ra5 56. Bg2 Rg5 57. Ba8 h3 58. Kb2 Ra5 59.
Bh1 g5 60. Ka3 g4 61. b4 Ra7 62. b5 g3 63. b6 Rg7 64. b7 Rg8 65. Bd5 Rb8 66. a5
g2 67. Kb4 g1=Q 68. Kb5 h2 69. Kc6 h1=Q 0-1

[Event "13th 4NCL Congress"]
[Site "Wakefield"]
[Date "2017.04.09"]
[Round "5"]
[Board "10"]
[White "Clarke, Paul Rh"]
[Black "Whitehead, Mark A"]
[Result "1/2-1/2"]
[WhiteElo "1763"]
[BlackElo "1942"]
[PlyCount "101"]
[EventDate "2017.04.07"]
[EventRounds "5"]
[EventCountry "ENG"]

1. d4 Nf6 2. Bf4 d6 3. e3 g6 4. Nf3 Bg7 5. h3 O-O 6. Be2 Nc6 7. c3 Nd7 8. Bg5
Qe8 9. Nbd2 e5 10. Nb3 a6 11. a4 Rb8 12. a5 h6 13. Bh4 f5 14. dxe5 Ndxe5 15.
Nxe5 Bxe5 16. O-O g5 17. f4 Bf6 18. Bc4+ Be6 19. Bxe6+ Qxe6 20. Bf2 Rbe8 21.
fxg5 hxg5 22. Nd4 Qd5 23. Qh5 Kg7 24. Qf3 Qxf3 25. Nxf3 Ne5 26. Nd4 Kg6 27. Bg3
Bg7 28. Bxe5 Rxe5 29. Nc2 Rb5 30. Ra2 Re8 31. Nd4 Rd5 32. c4 Rc5 33. b4 Rce5
34. Raf2 Rf8 35. g4 f4 36. exf4 Rxf4 37. Rxf4 gxf4 38. Nf5 Re4 39. Nxg7 Kxg7
40. Rc1 Kg6 41. Rc3 Kg5 42. b5 Re1+ 43. Kf2 Ra1 44. b6 Rxa5 45. c5 cxb6 46.
cxd6 Rd5 47. Rc7 Rxd6 48. Rxb7 b5 49. Ra7 b4 50. Rb7 a5 51. Rb5+ 1/2-1/2

[Event "13th 4NCL Congress"]
[Site "Wakefield"]
[Date "2017.04.09"]
[Round "5"]
[Board "12"]
[White "Ross, Stuart"]
[Black "Potter, Steven"]
[Result "0-1"]
[WhiteElo "1639"]
[BlackElo "1911"]
[PlyCount "110"]
[EventDate "2017.04.07"]
[EventRounds "5"]
[EventCountry "ENG"]

1. e4 e6 2. d4 b6 3. Nf3 Bb7 4. Bd3 c5 5. c3 Nf6 6. Qe2 Be7 7. Bf4 Nc6 8. Nbd2
cxd4 9. cxd4 Nb4 10. O-O Nxd3 11. Qxd3 Nh5 12. Be3 O-O 13. Rac1 f5 14. exf5
exf5 15. d5 f4 16. Bd4 d6 17. Rfe1 Bf6 18. Bxf6 Qxf6 19. Rc7 Bc8 20. Ne4 Qg6
21. Qc3 Bf5 22. Nh4 Qg4 23. Nxf5 Qxf5 24. Nxd6 Qxd5 25. h3 Qxd6 26. Ree7 Qf6
27. Qc4+ Kh8 28. Rf7 Rxf7 29. Rxf7 Qd6 30. Qe4 Rg8 31. Qb7 a5 32. Rd7 Qb8 33.
Qf3 Nf6 34. Rf7 Qd6 35. Qb7 Qd5 36. Qe7 Qd1+ 37. Kh2 Qd8 38. Rxg7 Qxe7 39. Rxe7
Rd8 40. Re6 Nd5 41. g3 fxg3+ 42. Kxg3 Kg7 43. f4 Kf7 44. f5 b5 45. Ra6 a4 46.
Ra5 Nc7 47. Ra7 Rd7 48. b3 axb3 49. axb3 Kf6 50. Kg4 Rg7+ 51. Kf3 Kxf5 52. Ra2
Ke5 53. Rc2 Ne6 54. Re2+ Kd5 55. b4 Nd4+ 0-1

[Event "13th 4NCL Congress"]
[Site "Wakefield"]
[Date "2017.04.09"]
[Round "5"]
[Board "13"]
[White "Leah, Tom"]
[Black "May, Paul"]
[Result "1-0"]
[WhiteElo "1900"]
[BlackElo "1810"]
[PlyCount "105"]
[EventDate "2017.04.07"]
[EventRounds "5"]
[EventCountry "ENG"]

1. e4 c5 2. Nf3 a6 3. c3 e6 4. d4 d5 5. exd5 exd5 6. Be2 Nc6 7. O-O Bd6 8. Re1
Nge7 9. Bg5 O-O 10. Na3 b5 11. dxc5 Bxc5 12. Nc2 Bd6 13. Ncd4 f6 14. Nxc6 Bxh2+
15. Kxh2 Qd6+ 16. Kg1 Nxc6 17. Be3 f5 18. b4 Rf6 19. Bc5 Qc7 20. Qxd5+ Be6 21.
Qd6 Qb7 22. Ne5 Nxe5 23. Qxe5 Rg6 24. f3 Re8 25. Kf2 Qf7 26. Bd3 Rg5 27. Be3
Rh5 28. Qd6 Qf6 29. Bd4 Qg6 30. Re5 Rh2 31. Bf1 f4 32. Ke1 Rh1 33. Kd2 Rh2 34.
Rae1 Kf7 35. R5e4 Rh5 36. Rxf4+ Kg8 37. Rfe4 Qh6+ 38. Qf4 Qg6 39. Re5 Rxe5 40.
Qxe5 Qh6+ 41. f4 Kf7 42. Qg5 Qxg5 43. fxg5 Rd8 44. a3 Bf5 45. Bd3 g6 46. Bxf5
gxf5 47. Kc2 Kg6 48. Re6+ Kh5 49. Rxa6 Re8 50. Kd2 Kxg5 51. Rb6 Ra8 52. Rxb5
Rxa3 53. Ra5 1-0

[Event "13th 4NCL Congress"]
[Site "Wakefield"]
[Date "2017.04.09"]
[Round "5"]
[Board "15"]
[White "Taylor, Robert P"]
[Black "Walshaw, David"]
[Result "1-0"]
[WhiteElo "1884"]
[BlackElo "1689"]
[PlyCount "71"]
[EventDate "2017.04.07"]
[EventRounds "5"]
[EventCountry "ENG"]

1. d4 g6 2. Bg5 Bg7 3. c3 d5 4. Nd2 Nf6 5. Ngf3 Nbd7 6. e3 Ne4 7. Bh4 Nxd2 8.
Qxd2 Nf6 9. Bd3 Ne4 10. Qc2 f5 11. c4 c5 12. cxd5 Qa5+ 13. Ke2 cxd4 14. exd4
Qxd5 15. Rad1 Be6 16. Qa4+ Bd7 17. Qb4 Nd6 18. Rhe1 h6 19. Bg3 Bf6 20. Kf1 O-O
21. Ne5 Be8 22. b3 b5 23. Nf3 g5 24. Be5 g4 25. Nd2 Bg5 26. Re2 Bxd2 27. Qxd2
Bc6 28. Qxh6 Rf6 29. Bxf6 exf6 30. Re7 Qxg2+ 31. Ke1 Nf7 32. Qxf6 Bd5 33. Qxf5
Qg1+ 34. Kd2 Qg2 35. Rde1 Rf8 36. Qh7# 1-0

[Event "13th 4NCL Congress"]
[Site "Wakefield"]
[Date "2017.04.09"]
[Round "5"]
[Board "16"]
[White "Cawston, M John"]
[Black "France, John M"]
[Result "1-0"]
[WhiteElo "1836"]
[BlackElo "1598"]
[PlyCount "147"]
[EventDate "2017.04.07"]
[EventRounds "5"]
[EventCountry "ENG"]

1. e4 d5 2. exd5 Qxd5 3. Nc3 Qd6 4. Nf3 Nf6 5. d4 a6 6. Bd3 Nc6 7. O-O Bg4 8.
h3 Bh5 9. Be3 O-O-O 10. Ne4 Nxe4 11. Bxe4 e5 12. Bf5+ Kb8 13. g4 Bg6 14. dxe5
Qe7 15. Qe2 Bxf5 16. gxf5 Kc8 17. Bf4 Qb4 18. c4 Nd4 19. Nxd4 Rxd4 20. Qf3 Qxc4
21. Bg3 Qd5 22. Qxd5 Rxd5 23. Rfd1 Rxd1+ 24. Rxd1 Be7 25. Kg2 Rd8 26. Rc1 c6
27. Rc2 Rd5 28. Kf3 f6 29. Ke4 fxe5 30. Bxe5 Bf6 31. f4 Kd7 32. Rg2 Ke7 33. h4
Rd1 34. h5 Re1+ 35. Kd4 Rd1+ 36. Kc5 Rd5+ 37. Kb6 Rb5+ 38. Kc7 Bxe5+ 39. fxe5
Rxe5 40. Rxg7+ Kf6 41. Rxh7 Kxf5 42. Kc8 b5 43. Rf7+ Kg5 44. Rf2 c5 45. Kb7 c4
46. Kxa6 b4 47. Rh2 c3 48. bxc3 bxc3 49. h6 Re6+ 50. Kb5 Rxh6 51. Rc2 Rh8 52.
Rxc3 Ra8 53. a4 Kf5 54. Re3 Kf6 55. a5 Rb8+ 56. Kc6 Ra8 57. Kb6 Rb8+ 58. Kc7
Ra8 59. Kb6 Rb8+ 60. Ka7 Rb1 61. a6 Kf5 62. Ka8 Kf6 63. a7 Kf7 64. Rc3 Ke6 65.
Rc8 Kd6 66. Rb8 Ra1 67. Kb7 Rb1+ 68. Kc8 Rc1+ 69. Kd8 Rf1 70. Ke8 Re1+ 71. Kf8
Rf1+ 72. Kg7 Rg1+ 73. Kf6 Rf1+ 74. Kg5 1-0

[Event "13th 4NCL Congress"]
[Site "Wakefield"]
[Date "2017.04.09"]
[Round "5"]
[Board "17"]
[White "Pramod Paleri, Adithya"]
[Black "Tamas, Szilard"]
[Result "0-1"]
[WhiteElo "1579"]
[BlackElo "1835"]
[PlyCount "96"]
[EventDate "2017.04.07"]
[EventRounds "5"]
[EventCountry "ENG"]

1. d4 Nf6 2. c4 e5 3. e3 exd4 4. exd4 d5 5. Nf3 Be7 6. Bd3 O-O 7. O-O Nbd7 8.
Nc3 dxc4 9. Bxc4 Nb6 10. Bb3 Nfd5 11. Re1 Bf6 12. a4 a5 13. Nxd5 Nxd5 14. Bxd5
Qxd5 15. Bf4 c6 16. Rc1 Bg4 17. Rc5 Bxf3 18. Qxf3 Qxf3 19. gxf3 Bxd4 20. Rc2
Rfe8 21. Rce2 Rxe2 22. Rxe2 Bf6 23. Bc7 h6 24. Bb6 Kh7 25. b3 Ra6 26. Bc7 b5
27. Rc2 Bd4 28. Rd2 Bc3 29. axb5 cxb5 30. Rc2 Bb4 31. Kf1 Kg6 32. Ke2 Kf5 33.
Kd3 Bd6 34. Ke3 Bb4 35. Kd4 Ke6 36. Be5 f6 37. Bc7 Bd6 38. Ke4 a4 39. Bxd6 Kxd6
40. b4 a3 41. Ra2 g6 42. Kd4 Ra4 43. Kc3 Ke5 44. Kb3 Kf4 45. Rxa3 Rxa3+ 46.
Kxa3 Kxf3 47. Kb3 Kxf2 48. Kc3 Ke3 0-1

[Event "13th 4NCL Congress"]
[Site "Wakefield"]
[Date "2017.04.09"]
[Round "5"]
[Board "18"]
[White "Holi, Siefaldin A"]
[Black "Procter, Colin S"]
[Result "1/2-1/2"]
[WhiteElo "1740"]
[BlackElo "1804"]
[PlyCount "86"]
[EventDate "2017.04.07"]
[EventRounds "5"]
[EventCountry "ENG"]

1. d4 e6 2. Nc3 d5 3. Nf3 Nf6 4. h3 c5 5. e3 Nc6 6. Bb5 Bd7 7. Be2 Rc8 8. Ne5
Bd6 9. f4 Ne4 10. Nxe4 dxe4 11. O-O Nxe5 12. fxe5 Be7 13. c4 cxd4 14. exd4 Bc6
15. Be3 O-O 16. Rb1 Bg5 17. Bf4 Bxf4 18. Rxf4 Qg5 19. Qf1 Qg3 20. Rd1 Qe3+ 21.
Qf2 Qxf2+ 22. Kxf2 Rcd8 23. Ke3 Rd7 24. Rd2 g6 25. Rf6 h5 26. h4 Kg7 27. a4
Bxa4 28. Kxe4 Rc8 29. b4 Bb3 30. c5 a5 31. Bb5 Bd5+ 32. Ke3 Bc6 33. Bxc6 bxc6
34. bxa5 Ra8 35. Ra2 Rda7 36. Rf3 Rxa5 37. Rxa5 Rxa5 38. Ke4 Ra1 39. Rb3 Re1+
40. Kd3 Rd1+ 41. Ke3 Rg1 42. Kf2 Rd1 43. Ke3 Rg1 1/2-1/2

[Event "13th 4NCL Congress"]
[Site "Wakefield"]
[Date "2017.04.09"]
[Round "5"]
[Board "19"]
[White "Radford, Mark Sr"]
[Black "Clegg, Robert"]
[Result "1/2-1/2"]
[WhiteElo "1772"]
[BlackElo "1742"]
[PlyCount "73"]
[EventDate "2017.04.07"]
[EventRounds "5"]
[EventCountry "ENG"]

1. Nf3 Nf6 2. c4 g6 3. Nc3 Bg7 4. g3 O-O 5. Bg2 d6 6. O-O Nc6 7. Rb1 a5 8. b3
e5 9. Bb2 Ne8 10. d3 f5 11. Nd2 Nf6 12. a3 Bd7 13. Nd5 Rb8 14. b4 axb4 15. axb4
Ne7 16. Nxf6+ Bxf6 17. b5 c6 18. Ba3 Qc7 19. b6 Qd8 20. Bxd6 Ra8 21. Bc7 Qc8
22. Qb3 Be6 23. Qc3 Ra2 24. Rb2 Rxb2 25. Qxb2 e4 26. Be5 Bxe5 27. Qxe5 exd3 28.
exd3 Re8 29. Re1 Bf7 30. Qd6 Kf8 31. Nf3 Qd8 32. Qf6 Ng8 33. Rxe8+ Qxe8 34.
Qd6+ Qe7 35. Qb8+ Be8 36. Ne5 Nf6 37. Bf3 1/2-1/2

[Event "13th 4NCL Congress"]
[Site "Wakefield"]
[Date "2017.04.09"]
[Round "5"]
[Board "20"]
[White "Ansari, Athar"]
[Black "Glover, Gordon L"]
[Result "1-0"]
[WhiteElo "1955"]
[BlackElo "1637"]
[PlyCount "51"]
[EventDate "2017.04.07"]
[EventRounds "5"]
[EventCountry "ENG"]

1. e4 e6 2. d4 d5 3. e5 c5 4. Nf3 Bd7 5. Bd3 Qb6 6. O-O Bb5 7. Re1 Bxd3 8. Qxd3
c4 9. Qe2 Nc6 10. c3 h5 11. Ng5 h4 12. Qg4 Nd8 13. Na3 Ne7 14. Rb1 Qc6 15. h3
Nf5 16. Nc2 Qa4 17. Ne3 Nxe3 18. Bxe3 Qc2 19. Nf3 Qh7 20. b3 b5 21. bxc4 bxc4
22. Rb2 Ba3 23. Rb5 Be7 24. Reb1 O-O 25. Ng5 Bxg5 26. Bxg5 1-0

[Event "13th 4NCL Congress"]
[Site "Wakefield"]
[Date "2017.04.09"]
[Round "5"]
[Board "21"]
[White "Graham, Neil"]
[Black "Hadfield, Roy"]
[Result "1-0"]
[WhiteElo "1804"]
[BlackElo "1635"]
[PlyCount "65"]
[EventDate "2017.04.07"]
[EventRounds "5"]
[EventCountry "ENG"]

1. d4 Nf6 2. f3 d5 3. e4 dxe4 4. Nc3 exf3 5. Nxf3 c6 6. Bc4 Nd5 7. O-O Bg4 8.
h3 Bh5 9. g4 Bg6 10. Ne5 e6 11. Qf3 f6 12. Nxg6 hxg6 13. Qe4 Rxh3 14. Qxg6+ Kd7
15. Kg2 Rh8 16. Bd2 Qc7 17. Rh1 Rxh1 18. Rxh1 Nf4+ 19. Bxf4 Qxf4 20. Qf7+ Be7
21. Qxe6+ Kc7 22. Qxe7+ Nd7 23. Be2 Rd8 24. d5 Kc8 25. dxc6 bxc6 26. Rd1 Qc7
27. Qxg7 Qb7 28. b3 c5+ 29. Bf3 Qb4 30. Ne4 c4 31. Nxf6 Qc3 32. Rxd7 Qxc2+ 33.
Kg3 1-0

[Event "13th 4NCL Congress"]
[Site "Wakefield"]
[Date "2017.04.09"]
[Round "5"]
[Board "22"]
[White "Parnian, Arya"]
[Black "Robinson, Brian"]
[Result "1-0"]
[WhiteElo "1712"]
[BlackElo "1576"]
[PlyCount "95"]
[EventDate "2017.04.07"]
[EventRounds "5"]
[EventCountry "ENG"]

1. Nf3 Nf6 2. c4 d5 3. g3 e6 4. b3 c5 5. e3 Nc6 6. Bb2 Be7 7. Bg2 O-O 8. O-O
Qc7 9. Nc3 a6 10. cxd5 exd5 11. Rc1 Nb4 12. d4 Bf5 13. Ne1 Qd7 14. a3 Nc6 15.
dxc5 Bxc5 16. Nxd5 Nxd5 17. Qxd5 Qxd5 18. Bxd5 Be7 19. Bxc6 bxc6 20. Rxc6 Bh3
21. Ng2 Rfd8 22. Bd4 a5 23. Ra1 Be6 24. Rc3 Rdb8 25. Nf4 Rxb3 26. Nxe6 Rxc3 27.
Bxc3 fxe6 28. Rb1 Bxa3 29. Ra1 Bd6 30. Rxa5 Rxa5 31. Bxa5 Kf7 32. Kg2 g5 33. g4
e5 34. Bd8 h6 35. Kf3 Ke6 36. Ke4 Bb8 37. h4 gxh4 38. Bxh4 Bd6 39. Bg3 Kf6 40.
Kd5 Bb8 41. f3 Bc7 42. e4 Bb8 43. Bh4+ Kf7 44. Bd8 Kg6 45. Ke6 h5 46. gxh5+
Kxh5 47. Bf6 Kg6 48. Bxe5 1-0